Guide to the use of systematic approaches for the development of exports.
| Format: | Book |
|---|---|
| Published: |
Geneva:
International Trade Centre(ITC),
1987.
|
| Subjects: |
| LEADER | 00432cam a2200145 7i4500 | ||
|---|---|---|---|
| 001 | 0000004004 | ||
| 005 | 19991025090000.0 | ||
| 002 | ##000005447 | ||
| 020 | 0 | 0 | |a T000004678 |
| 090 | 0 | 0 | |a 382.6 |
| 245 | 0 | 0 | |a Guide to the use of systematic approaches for the development of exports. |
| 260 | 0 | 0 | |a Geneva: |b International Trade Centre(ITC), |c 1987. |
| 300 | 0 | 0 | |a 65 p.. |
| 650 | 0 | 0 | |a Exports |
| 999 | |a 0000005768 |b Book |c Open shelf |e Business Information Centre | ||